| 000 | 00605nam a2200217Ia 4500 | ||
|---|---|---|---|
| 003 | IN-BaIIA | ||
| 008 | 211028s9999 xx 000 0 eng d | ||
| 020 | _a0-06-010937-8 | ||
| 040 | _cIIA Library | ||
| 080 |
_a523.9-71 _bDAN |
||
| 100 |
_aDaniels, George _99722 |
||
| 245 | 0 |
_aSolar homes and sun heating _cGeorge Daniels |
|
| 260 |
_aNew York _bHarper and Row _c1976 |
||
| 300 | _a178p. | ||
| 650 | _aNASA Thesaurus | ||
| 650 |
_aSolar energy _93295 |
||
| 650 |
_aSolar homes _99723 |
||
| 650 |
_aSun _91200 |
||
| 650 |
_aSun heating _99724 |
||
| 942 | _cBK | ||
| 999 |
_c5599 _d5599 |
||